| 000 | 00650nam a22001937a 4500 | ||
|---|---|---|---|
| 999 |
_c1338 _d1338 |
||
| 003 | AR-CdUCM | ||
| 008 | 190226b ||||| |||| 00| 0 spa d | ||
| 040 |
_aMUNICIPALIDAD PROVINCIAL DEL CUSCO _cBIBLIOTECA MUNICIPAL DEL CUSCO |
||
| 082 |
_a338.01 / _bH44 |
||
| 100 |
_aHerskovits, Melville J. _95133 |
||
| 245 |
_aAntropologia Economica / _cHerskovits, Melville J. |
||
| 260 |
_aMexico : _bFondo de Cultura Económica , _c1964. |
||
| 300 |
_a522 paginas : _c24 cm. |
||
| 650 |
_aAntropologia Cultural. _95134 |
||
| 650 |
_aCultura (Antropologia). _95135 |
||
| 700 |
_aHerskovits, Melville J. _95133 |
||
| 942 |
_2ddc _cLIBROS |
||
| 945 |
_artm _d2019-02-26 |
||